[Event "AUTO-ADV-1915"]
[Site "http://www.queenalice.com/game.php?id=837847"]
[Date "2010.9.25"]
[Round "1"]
[White "karpovl"]
[Black "Korchnoico"]
[Result "0-1"]
[WhiteElo "1669"]
[BlackElo "1627"]

1. d4 d5 2. e3 e6 3. Bb5+ c6 4. Ba4 b5 5. Bb3 a5 6. a4 b4 7. Nf3 Ba6 8. Ne5 f6
9. Qh5+ g6 10. Nxg6 Kd7 11. Nxh8 Qe7 12. g4 Qg7 13. Nf7 Ke7 14. Ne5 fxe5 15.
dxe5 Nd7 16. f4 c5 17. f5 c4 18. f6+ Ngxf6 19. exf6+ Nxf6 20. Qe5 cxb3 21. g5
Nd7 22. Qxg7+ Bxg7 23. cxb3 Ne5 24. h4 Rc8 25. Nd2 Nd3+ 26. Ke2 Nxc1+ 27. Kf3
Rf8+ 28. Kg4 Ne2 29. Rae1 Bxb2 30. Rhf1 Rxf1 31. Rxf1 Bc8 32. Nf3 e5+ 33. Kh5 e4
34. Kh6 exf3 35. Rxf3 Ng1 36. Rf1 Nh3 37. Kxh7 Be5 38. g6 Be6 39. e4 d4 0-1

[Event "AUTO-ADV-1915"]
[Site "http://www.queenalice.com/game.php?id=837860"]
[Date "2010.9.25"]
[Round "1"]
[White "limonajar"]
[Black "karpovl"]
[Result "1-0"]
[WhiteElo "1634"]
[BlackElo "1700"]

1. e4 e5 2. Nf3 d6 3. d4 Bg4 4. Be2 Bxf3 5. Bxf3 Nc6 6. d5 Nd4 7. c3 Nxf3+ 8.
Qxf3 c5 9. dxc6 bxc6 10. O-O h5 11. Nd2 g5 12. b4 g4 13. Qe2 Nf6 14. Rd1 d5 15.
exd5 Nxd5 16. Qxe5+ Qe7 17. Qxh8 Nf6 18. Bb2 O-O-O 19. c4 Rd6 20. Bxf6 Rxf6 21.
b5 Rh6 22. Qd4 f5 23. bxc6 Bg7 24. Qf4 Rxc6 25. Qxf5+ Re6 26. Re1 Qf6 27. Qxe6+
Qxe6 28. Rxe6 Bxa1 29. c5 Kd7 30. Ra6 1-0

[Event "AUTO-ADV-1915"]
[Site "http://www.queenalice.com/game.php?id=837861"]
[Date "2010.9.25"]
[Round "1"]
[White "karpovl"]
[Black "limonajar"]
[Result "1-0"]
[WhiteElo "1686"]
[BlackElo "1646"]

1. e4 e5 2. d4 exd4 3. Qxd4 Nc6 4. Qd5 Nf6 5. Bg5 Be7 6. Bxf6 Bxf6 7. Bb5 Bxb2
8. Bc4 O-O 9. c3 Bxa1 10. Nf3 Qf6 11. Qh5 Bxc3+ 12. Nxc3 Qxc3+ 13. Nd2 Qxc4 14.
Nxc4 d6 15. O-O Re8 16. Re1 Be6 17. Ne3 Bxa2 18. Nf5 Ne7 19. Nxe7+ Rxe7 20. Re3
Rae8 21. Rh3 h6 22. f3 d5 23. g4 dxe4 24. g5 exf3 25. gxh6 gxh6 26. Rg3+ Kh7 27.
Qf5+ Kh8 28. Qf6+ Kh7 29. Qg7# 1-0

[Event "AUTO-ADV-1998"]
[Site "http://www.queenalice.com/game.php?id=869154"]
[Date "2010.12.8"]
[Round "1"]
[White "bienopia"]
[Black "karpovl"]
[Result "1-0"]
[WhiteElo "1847"]
[BlackElo "1661"]

1. d4 d5 2. f4 e5 3. fxe5 Bb4+ 4. c3 Qh4+ 5. g3 Qe4 6. Nf3 Bg4 7. Nbd2 Qe3 8.
cxb4 b5 9. h3 Bxf3 10. Nxf3 Qe4 11. Bg2 Nc6 12. a3 Nxd4 13. Nh4 Qxe2+ 14. Qxe2
Nxe2 15. Kxe2 Ne7 16. Bg5 Nc6 17. Bxd5 Nd4+ 18. Kf2 O-O 19. Nf3 Nxf3 20. Kxf3
Rad8 21. Bxd8 Rxd8 22. Rad1 Kf8 23. Ke4 g6 24. Rhf1 f5+ 25. Kf4 Ke7 26. h4 h5
27. Bc6 Rb8 28. Rd7+ Ke6 29. Rg7 Rb6 30. Rxg6+ Kf7 31. Rf6+ Ke7 32. Rd1 1-0

[Event "AUTO-ADV-1998"]
[Site "http://www.queenalice.com/game.php?id=869155"]
[Date "2010.12.8"]
[Round "1"]
[White "karpovl"]
[Black "bienopia"]
[Result "1-0"]
[WhiteElo "1652"]
[BlackElo "1818"]

1. e4 a6 2. e5 d5 3. d4 h6 4. c3 Bf5 5. Qa4+ Bd7 6. Qb4 b6 7. a4 e6 8. Qb3 Nc6
9. h3 Nge7 10. g4 Nc8 11. h4 Na5 12. Qd1 c5 13. g5 h5 14. g6 f5 15. Bg5 Be7 16.
Bxe7 Qxe7 17. Nf3 c4 18. Nbd2 b5 19. Ng5 b4 20. Nf7 Rf8 21. Qxh5 b3 22. Qh7 Rxf7
23. gxf7+ Qxf7 24. Be2 Ne7 25. Bh5 g6 26. Qh8+ Ng8 27. Rg1 O-O-O 28. Rxg6 Ne7
29. Rg7 Rxh8 30. Bxf7 Kd8 31. h5 Be8 32. Bxe6 Rxh5 33. O-O-O Nac6 34. Rdg1 a5
35. Kd1 Bd7 36. Bf7 Rh6 37. e6 Bxe6 38. Nf3 Kd7 39. Bg6 Kd6 40. Be8 Nb8 41. Ne5
f4 42. Bf7 Nf5 43. Rg8 Nd7 44. Rd8 Ke7 45. Re8+ Kd6 46. Bxe6 Rxe6 47. Nf7+ 1-0

[Event "AUTO-ADV-1998"]
[Site "http://www.queenalice.com/game.php?id=869168"]
[Date "2010.12.8"]
[Round "1"]
[White "Blutigeroo"]
[Black "karpovl"]
[Result "1-0"]
[WhiteElo "1912"]
[BlackElo "1667"]

1. g3 e5 2. Bg2 d5 3. d3 d4 4. Nf3 Bb4+ 5. c3 dxc3 6. Nxc3 Bxc3+ 7. bxc3 Nc6 8.
O-O e4 9. Ne1 Nf6 10. Ba3 Ng4 11. Bxe4 Qf6 12. Qc2 Nce5 13. f3 Ne3 14. Qa4+ Bd7
15. Qb4 b6 16. Rf2 c5 17. Qb2 Bc6 18. f4 Bxe4 19. fxe5 Qxe5 20. dxe4 Qxe4 21.
Rf4 Qe6 22. Nd3 Nc4 23. Qb5+ Kf8 24. Qxc4 Qxc4 25. Rxc4 h5 26. Rf1 f6 27. Rcf4
Ke7 28. Bc1 Rh6 29. Re4+ Kd6 30. Bxh6 gxh6 31. Rxf6+ Kd5 32. Re7 Rd8 33. Nb2 Rd6
34. e4+ Kc6 35. e5 Rxf6 36. exf6 Kd6 37. Re1 1-0

[Event "AUTO-ADV-1998"]
[Site "http://www.queenalice.com/game.php?id=869169"]
[Date "2010.12.8"]
[Round "1"]
[White "karpovl"]
[Black "Blutigeroo"]
[Result "0-1"]
[WhiteElo "1686"]
[BlackElo "1901"]

1. e4 e5 2. Qh5 d6 3. Bb5+ c6 4. Bc4 Qc7 5. Nf3 Nf6 6. Qxf7+ Qxf7 7. Bxf7+ Kxf7
8. h3 h6 9. d4 Be7 10. dxe5 Nxe4 11. O-O Re8 12. Nd4 dxe5 13. Nf3 Bf6 14. Re1
Bf5 15. g4 Bh7 16. Na3 Nd7 17. Nd2 Ng5 18. Kh2 Rad8 19. Nac4 b5 20. Nd6+ Kf8 21.
Nxe8 Rxe8 22. h4 Ne6 23. c3 Bxh4 24. Re2 Nf4 25. Re4 Bxe4 26. Nxe4 Nf6 27. Nd6
Nxg4+ 28. Kg1 Bxf2+ 29. Kf1 Rd8 30. Bxf4 exf4 31. Nf5 Rd2 32. Nd4 c5 33. Ne6+
Ke7 34. Nxf4 Ne3# 0-1

[Event "AUTO-ADV-1998"]
[Site "http://www.queenalice.com/game.php?id=869176"]
[Date "2010.12.8"]
[Round "1"]
[White "DURIN09"]
[Black "karpovl"]
[Result "1-0"]
[WhiteElo "1821"]
[BlackElo "1723"]

1. d4 d5 2. Nf3 Nc6 3. e3 Bg4 4. h3 Bf5 5. a3 a6 6. b3 b5 7. Bb2 e6 8. Be2 b4 9.
O-O bxa3 10. Nxa3 Nb4 11. c3 Nc6 12. Nd2 Qg5 13. Nf3 Qg6 14. Nh4 Qg5 15. Nxf5
Qxf5 16. c4 Bb4 17. Bd3 Qg5 18. f4 Qh4 19. e4 O-O-O 20. cxd5 exd5 21. Bxa6+ Kb8
22. Qd3 Na7 23. Nb5 Nc6 24. Nd6 Na7 25. Nxf7 Nf6 26. Nxd8 Rxd8 27. Bb7 Kxb7 28.
Qa6+ Ka8 29. Qxa7# 1-0

[Event "AUTO-ADV-1998"]
[Site "http://www.queenalice.com/game.php?id=869177"]
[Date "2010.12.8"]
[Round "1"]
[White "karpovl"]
[Black "DURIN09"]
[Result "0-1"]
[WhiteElo "1711"]
[BlackElo "1889"]

1. e4 d6 2. Bb5+ Bd7 3. Bxd7+ Nxd7 4. Qh5 Ngf6 5. Qe2 c5 6. Qc4 g6 7. Nf3 Bg7 8.
Ng5 O-O 9. O-O a6 10. Nc3 b5 11. Qd3 h6 12. Nd5 hxg5 13. Qh3 Nxd5 14. exd5 Nf6
15. d3 Nxd5 16. Bxg5 Qc8 17. Qf3 Qf5 18. Qg3 Bxb2 19. Rae1 Bf6 20. Bh6 Bg7 21.
Bg5 Bf6 22. Bh6 Bg7 23. Bxg7 Kxg7 24. Re4 e5 25. f4 Nxf4 26. Qf3 Rh8 27. g4 Qd7
28. c3 Rh3 29. Rxf4 Rxf3 30. R4xf3 Qxg4+ 31. Kh1 f5 32. Rg3 Qh5 33. Rfg1 Rh8 34.
R1g2 Kf6 35. Rxg6+ Qxg6 36. Rxg6+ Kxg6 37. Kg2 Kg5 0-1

[Event "AUTO-ADV-1915"]
[Site "http://www.queenalice.com/game.php?id=895828"]
[Date "2011.2.4"]
[Round "2"]
[White "axelsun"]
[Black "karpovl"]
[Result "1-0"]
[WhiteElo "1991"]
[BlackElo "1635"]

1. Nf3 d6 2. d4 Bg4 3. c4 c5 4. dxc5 Qa5+ 5. Bd2 Qxc5 6. e3 Bxf3 7. Qxf3 Nc6 8.
Nc3 Qb4 9. b3 Ne5 10. Qd5 Nf6 11. Qb5+ Nc6 12. Nd5 Qxb5 13. Nc7+ Kd8 14. Nxb5 b6
15. Be2 Ne4 16. Bc1 Nb4 17. O-O a6 18. Nd4 e5 19. Bf3 exd4 20. Bxe4 Ra7 21. a3
Re7 22. axb4 Rxe4 23. Rxa6 Kc7 24. exd4 Rxd4 25. Be3 Re4 26. Rxb6 Rxe3 27. Ra6
Kb7 28. Rfa1 Rxb3 29. Ra7+ Kb8 30. Ra8+ Kb7 31. R8a7+ Kc8 32. Rxf7 Rxb4 33. Re1
Kd8 34. c5 d5 35. Ra1 Ke8 36. Rc7 Kd8 37. Rf7 Rb8 38. c6 Bd6 39. Rd7+ Kc8 40.
Rxd6 Rd8 41. Rxd8+ Kxd8 42. f4 d4 43. Rd1 Rb4 44. Rc1 Kc7 45. Kf1 d3 46. g3 d2
47. Rd1 Rb2 48. Ke2 Rc2 49. Rxd2 Rxd2+ 50. Kxd2 h6 51. Ke3 Kxc6 52. Ke4 1-0

[Event "AUTO-ADV-1915"]
[Site "http://www.queenalice.com/game.php?id=895829"]
[Date "2011.2.4"]
[Round "2"]
[White "karpovl"]
[Black "axelsun"]
[Result "0-1"]
[WhiteElo "1685"]
[BlackElo "1957"]

1. e4 e5 2. d4 exd4 3. e5 Nc6 4. Bf4 Bb4+ 5. c3 dxc3 6. bxc3 Ba5 7. e6 dxe6 8.
Bb5 Qxd1+ 9. Kxd1 Bd7 10. Bg5 f6 11. Bxc6 Bxc6 12. Bd2 Bxg2 13. f3 Bxh1 14. Na3
Bb6 15. Kc2 Bxg1 16. Rxg1 Bxf3 17. Rxg7 O-O-O 18. Nb5 Be4+ 19. Kd1 Rd7 20. Nxa7+
Kd8 21. Rg4 Bf3+ 0-1

[Event "AUTO-ADV-1915"]
[Site "http://www.queenalice.com/game.php?id=895832"]
[Date "2011.2.4"]
[Round "2"]
[White "attachui"]
[Black "karpovl"]
[Result "1-0"]
[WhiteElo "2126"]
[BlackElo "1702"]

1. d4 d5 2. c4 e6 3. Nc3 Bb4 4. Bd2 dxc4 5. e3 Bxc3 6. Bxc3 Qd5 7. Nh3 Nc6 8.
Nf4 Qb5 9. d5 f6 10. Nxe6 Bxe6 11. dxe6 Rd8 12. Qg4 g6 13. Bxc4 Qf5 14. Qg3 Nge7
15. Qh4 Ne5 16. e4 Nf3+ 17. gxf3 Qxf3 18. Rg1 g5 19. Be2 Qxe2+ 20. Kxe2 gxh4 21.
Bxf6 Rg8 22. Rxg8+ Nxg8 23. Bxd8 Kxd8 24. f4 Ke7 25. f5 Kf6 26. Rd1 Ke5 27. Rd7
Kxe4 28. e7 Nf6 29. e8=Q+ Nxe8 30. Re7+ Kxf5 31. Rxe8 Kg4 32. Kf2 1-0

[Event "AUTO-ADV-1915"]
[Site "http://www.queenalice.com/game.php?id=895833"]
[Date "2011.2.4"]
[Round "2"]
[White "karpovl"]
[Black "attachui"]
[Result "0-1"]
[WhiteElo "1700"]
[BlackElo "2127"]

1. e4 c5 2. e5 Nc6 3. Qe2 Nd4 4. Qc4 e6 5. c3 Nc2+ 6. Kd1 Nxa1 7. d3 d5 8. Qb5+
Bd7 9. Qxb7 Ba4+ 10. b3 Nxb3 11. axb3 Rb8 12. Qxa7 Bxb3+ 13. Ke1 Be7 14. Nd2 Qb6
15. Qa1 c4 16. d4 f6 17. Ne2 fxe5 18. dxe5 Bc5 19. Nd4 Ne7 20. Be2 O-O 21. Ba3
Ra8 22. Nb1 Bxa3 23. Nxa3 Nf5 24. Nxf5 Rxf5 25. f3 Rxe5 26. Qc1 Qe3 27. Qb2 Rxa3
28. Qd2 Ra1+ 0-1

[Event "AUTO-ADV-2085"]
[Site "http://www.queenalice.com/game.php?id=906167"]
[Date "2011.2.27"]
[Round "1"]
[White "od_xavier"]
[Black "karpovl"]
[Result "1-0"]
[WhiteElo "1758"]
[BlackElo "1664"]

1. e4 e5 2. Nf3 Nc6 3. Bb5 a6 4. Bxc6 bxc6 5. O-O d6 6. c3 Bg4 7. d4 Bxf3 8.
Qxf3 h6 9. Be3 Qb8 10. b3 f6 11. Nd2 h5 12. Qf5 Ne7 13. Qe6 Qc8 14. Qc4 h4 15.
h3 d5 16. Qe2 f5 17. f3 f4 18. Bf2 exd4 19. cxd4 dxe4 20. fxe4 Ng6 21. Qc4 a5
22. Qxc6+ Kf7 23. Be3 Ra6 24. Qb5 Kg8 25. Bxf4 Rf6 26. Bg5 Rh5 27. Qxa5 Re6 28.
Qf5 Kh7 29. Nf3 Qa6 30. d5 Rf6 31. Qg4 Nf4 32. Bxf4 g6 33. Nxh4 Bh6 34. Rac1
Qb6+ 35. Kh1 Bxf4 36. Rxf4 g5 37. Qxh5+ Kg7 38. Qxg5+ Kf7 39. Qh5+ Ke7 40. Qh7+
1-0

[Event "AUTO-ADV-2085"]
[Site "http://www.queenalice.com/game.php?id=906168"]
[Date "2011.2.27"]
[Round "1"]
[White "karpovl"]
[Black "od_xavier"]
[Result "0-1"]
[WhiteElo "1673"]
[BlackElo "1840"]

1. e4 e5 2. Bb5 Nf6 3. d3 a6 4. Bc4 b5 5. Bxf7+ Kxf7 6. Nh3 h6 7. g4 d6 8. g5
hxg5 9. Nxg5+ Kg8 10. c3 Bb7 11. Qb3+ d5 12. Ne6 Qe7 13. Ng5 Ng4 14. exd5 Qd6
15. Ne4 Qxd5 16. c4 Qf7 17. cxb5 Bd5 18. Ng5 Qxf2+ 19. Kd1 Bxb3+ 20. axb3 Rh3
21. Nxh3 Qf3+ 0-1

[Event "AUTO-ADV-2085"]
[Site "http://www.queenalice.com/game.php?id=906183"]
[Date "2011.2.27"]
[Round "1"]
[White "Marcos_Dal_Ri"]
[Black "karpovl"]
[Result "1-0"]
[WhiteElo "1639"]
[BlackElo "1652"]

1. d4 d5 2. Nf3 f6 3. Bf4 g5 4. Bg3 g4 5. Nh4 e5 6. dxe5 Bb4+ 7. c3 Ba5 8. e3 c6
9. Bd3 Qb6 10. b4 fxe5 11. Bxe5 Bxb4 12. cxb4 Qxb4+ 13. Nd2 Nf6 14. Bxf6 Rf8 15.
Bg7 Rf7 16. Bd4 Qe7 17. O-O Qxh4 18. g3 Qh3 19. Be2 b6 20. f4 Ba6 21. Bxg4 Qh6
22. Rf2 Kf8 23. Bh5 Re7 24. Qg4 Nd7 25. Qf5+ Kg8 26. Qg4+ Kf8 27. Qf5+ Kg8 28.
Qg4+ Kf8 29. f5 Nf6 30. Bxf6 Qxf6 31. Re1 Rg7 32. Qd4 Ke7 33. Qb4+ c5 34. Qa4
Bb7 35. e4 Bc6 36. Qb3 Qg5 37. exd5+ Kd6 38. Ne4+ Kc7 39. Nxg5 Rxg5 40. dxc6
Rgg8 41. Re7+ Kxc6 42. Bf3+ Kd6 43. Qe6# 1-0

[Event "AUTO-ADV-2085"]
[Site "http://www.queenalice.com/game.php?id=906184"]
[Date "2011.2.27"]
[Round "1"]
[White "karpovl"]
[Black "Marcos_Dal_Ri"]
[Result "1-0"]
[WhiteElo "1648"]
[BlackElo "1647"]

1. e4 e5 2. d4 exd4 3. Qxd4 Nc6 4. Qc4 Nf6 5. Bg5 Bd6 6. Nc3 h6 7. Bxf6 Qxf6 8.
f3 O-O 9. O-O-O a6 10. Nd5 Qg5+ 11. Kb1 Na5 12. Qc3 b6 13. Nh3 Qg6 14. e5 Bc5
15. b4 Bxb4 16. Ne7+ Bxe7 17. Qxc7 Qe6 18. Nf4 Qf5 19. g3 Bc5 20. Bd3 Qg5 21.
Be2 Rd8 22. e6 fxe6 23. Nxe6 Qf6 24. Nxd8 Ba3 25. c3 Qf5+ 26. Bd3 Qxf3 27. Rhe1
Qf2 28. Re8+ Bf8 29. Rf1 Qc5 30. Rfxf8+ 1-0

[Event "AUTO-ADV-2085"]
[Site "http://www.queenalice.com/game.php?id=906193"]
[Date "2011.2.27"]
[Round "1"]
[White "willyanF"]
[Black "karpovl"]
[Result "1-0"]
[WhiteElo "1908"]
[BlackElo "1654"]

1. d4 d5 2. c4 dxc4 3. e4 b5 4. a4 Ba6 5. axb5 Bxb5 6. Nc3 Bc6 7. Bxc4 f5 8. Qf3
Qxd4 9. Bxg8 fxe4 10. Qf7+ Kd7 11. Bf4 Na6 12. Rd1 Qxd1+ 13. Kxd1 Nc5 14. Qc4 e6
15. Bf7 g6 16. Nge2 Rb8 17. Kc1 Bd5 18. Rd1 Kc6 19. Nxd5 exd5 20. Bxd5+ Kd7 21.
Bxe4+ Kc8 22. b4 Nxe4 23. Qxe4 Rxb4 24. Qe8+ Kb7 25. Qd7 Rc4+ 26. Kd2 Bb4+ 27.
Kd3 Rc6 28. Rb1 a5 29. Qd5 Ra8 30. Nd4 Ra6 31. Nxc6 1-0

[Event "AUTO-ADV-2085"]
[Site "http://www.queenalice.com/game.php?id=906194"]
[Date "2011.2.27"]
[Round "1"]
[White "karpovl"]
[Black "willyanF"]
[Result "0-1"]
[WhiteElo "1680"]
[BlackElo "1901"]

1. e4 c5 2. c4 Nc6 3. Qh5 Nf6 4. Qxc5 e6 5. Qg5 Nxe4 6. Qxd8+ Kxd8 7. Nh3 Nd4 8.
Na3 Bxa3 9. Bd3 Nc5 10. O-O Nxd3 11. bxa3 Nxc1 12. Ng5 Ke7 13. Re1 Nd3 14. Re3
Nc5 15. Rae1 Nc2 0-1

[Event "Challenge"]
[Site "http://www.queenalice.com/game.php?id=909820"]
[Date "2011.3.7"]
[Round "-"]
[White "joseluisgrilo"]
[Black "karpovl"]
[Result "1-0"]
[WhiteElo "1809"]
[BlackElo "1664"]

1. e4 e5 2. Nf3 f6 3. Nc3 c6 4. Bd3 Bb4 5. a3 Bxc3 6. dxc3 d5 7. O-O Bg4 8. Be2
dxe4 9. Nd2 h5 10. Nxe4 Bxe2 11. Qxe2 Ne7 12. c4 Nf5 13. Be3 Nd4 14. Bxd4 Qxd4
15. c3 Qd7 16. Rad1 Qf7 17. Nd6+ 1-0